00659 2200193 4500001002100000005001500021035002000036245009900056100001400155300002600169856000900195260003000204082001600234084002200250020001800272650001200290520015000302990001300452INLIS00000000000341720240430020305 a0010-04240001051 aMendayung di Ombak yang Deras :bKonsepsi dan pemikiran tentang sulawesi selatan /cAmin Syam0 aAmin Syam a176 hlm ;c14 x 21 cm aumum aJakarta :byapensi,c2007 a920.1.928.9 a920.1.928.9 AMI m a979-3274-32-8 4aSejarah aMenjadi pemimpin sebuah daerah keluasan pandangan dan keberanian untuk melangkahb tampa perp-aduan ketiga unsur ini maka kemajuan sulit dicapai. aS2007126